000 01021nam a2200265 a 4500
001 50977
003 BD-RjUL
005 20211209075607.0
008 190401s1950 enka 000 0 eng d
035 _a(BD-RjUL)51097
040 _aBD-RjUL
_beng
_cBD-RjUL
041 _aeng
043 _ae-uk-ui
082 _223
_a333.70942
_bLAN 1950
245 0 4 _aThe land of Britain :
_bthe report of the Land Utilisation Survey of Britain.
_cedited by L. Dudley Stamp
246 _aThe Channel Islands / by G. Dury
260 _aLondon :
_bGeographical Publications Ltd,
_c1950
300 _a54 p. :
_bIll. ;
_c28 cm
500 _a"This report is additional to the original plan of the Land Utilisation Survey of Britain and is therefore published outside the intended nine volumes."
650 0 _aLand use
_zGreat Britain
_9229913
651 0 _aChannel Islands
_9229914
700 1 _aStamp, L. Dudley
_q(Laurence Dudley),
_d1898-1966. , ed.
_9229915
700 1 _aDury, G. H.
_q(George Harry),
_d1916-
_9229916
942 _2ddc
_cRAR
999 _c50977
_d50977